Implementace strukturovaného studia s účastí odborníků z praxe

Výskum v oblasti vzdelávania zameraný na uskutočňovanie študijných programov novej štruktúry (trojstupňové vysokoškolské štúdium) podľa požiadaviek medzinárodného princípu (Bolonský proces), ale aj zákona o vysokých školách. Prezentácia modelov štrukturovaného štúdia.

Guardado en:
Detalles Bibliográficos
Autor principal: Šebková, Helena
Formato: Capítulo de libro
Lenguaje:checo
Materias:
Etiquetas: Agregar Etiqueta
Sin Etiquetas, Sea el primero en etiquetar este registro!

MARC

LEADER 00000naa$a2200000$$$4500
001 0109249
005 20230919105056.7
041 0 |a cze 
044 |a CZ 
245 1 0 |a Implementace strukturovaného studia s účastí odborníků z praxe  |c Helena Šebková 
520 |a Výskum v oblasti vzdelávania zameraný na uskutočňovanie študijných programov novej štruktúry (trojstupňové vysokoškolské štúdium) podľa požiadaviek medzinárodného princípu (Bolonský proces), ale aj zákona o vysokých školách. Prezentácia modelov štrukturovaného štúdia. 
610 2 0 |a Česko 
610 2 0 |a Európska únia 
610 2 0 |a školy vysoké 
610 2 0 |a štúdium vysokoškolské 
610 2 0 |a odbory študijné 
610 2 0 |a vzdelanie vysokoškolské 
610 2 0 |a absolventi 
100 1 |a Šebková, Helena